01043nam a22002297a 45000010005000000030006000050050017000110080041000280200018000690400029000870500009001160820012001251000021001372450045001582600052002033000059002555050007003145200425003215210019007465210018007656500030007834081FISKH20240606074028.0240606b cb ||||| |||| 00| 0 eng d a9781407187839 aFISKHbengcFISKHdFISKH aPZ7  a823.92  aMcIntyre, Sarah  aDinosaur firefighters /cSarah McIntyre  aLondon : Scholastic, bChildren's Book, c2018  a32 unnumbered pages : bcolor illustrations ; c28 cm  aM  aThe day Dipsy became a dinosaur firefighter was the day her dreams came true but who knew being a firefighter would be so TRICKY? First, the uniform didnt fit Dipsy's neck was too long. Then, she couldnt slide down the fire pole her body was too big. Even saving a kitten from a tree proved to be DISASTROUS! Was Dipsy really cut out to be a firefighter? Chaos at the fire station meant she was about to find out . . . 8 a550 bLexile 8 aM bRaz-Plus  aDinosaur xFire Fighters